Liam Gallagher Songs - Statistics

General Stats
  • This quiz has been taken 80 times
  • The average score is 17 of 43
Answer Stats
Answer % Correct
Once
85%
Wall of Glass
80%
Everythings Electric
76%
Why Me? Why Not
75%
C'mon You Know
68%
Shockwave
64%
Diamond In The Dark
61%
Paper Crown
61%
One of Us
59%
Chinatown
58%
For What Its Worth
56%
Now That I've Found You
56%
Bold
54%
The River
54%
More Power
53%
Moscow Rules
42%
Better Days
37%
Gone
37%
Greedy Soul
37%
Halo
34%
Misunderstood
32%
The Joker
32%
You Better Run
32%
Glimmer
31%
I've All I Need
31%
Meadow
31%
Universal Gleam
31%
Invisible Sun
29%
All My People / All Mankind
27%
Too Good For Giving Up
27%
Come Back to Me
25%
Don't Go Halfway
25%
Be Still
24%
I'm Free
24%
Alright Now
22%
I Get By
22%
When I'm in Need
22%
Worlds In Need
20%
I Never Wanna Be Like You
17%
Oh Sweet Children
17%
Wave
17%
Doesn't Have to Be That Way
14%
It Was Not Meant To Be
8%
No matching quizzes found
Score Distribution
Percent of People with Each Score
Percentile by Number Answered
Your Score History
You have not taken this quiz